Statistics for Geo. Continent Quiz

Click here to take the quiz!

General Stats

  • This quiz has been taken 33 times
    (10 since last reset)
  • The average score is 18 of 23

Answer Stats

North America% Correct
Canada
100%
United States
100%
Algeria
88%
Australia
88%
Australia
88%
Brazil
88%
Brazil
88%
Brazil
88%
China
88%
Nigeria
88%
Russia
88%
Russia
88%
Seychelles
75%
Seychelles
75%
Suriname
75%
Suriname
75%
Vatican City
75%
Maldives
63%
Maldives
63%
Nauru
63%
Nauru
63%
Saint Kitts and Nevis
50%
Saint Kitts and Nevis
38%

Score Distribution

Percentile by Number Answered

Percent of People with Each Score

Your Score History

You have not taken this quiz since the last reset